Statistics for Taylor Swift - Miss Americana & The Heartbreak Prince Lyrics

Click here to take the quiz!

General Stats

  • This quiz has been taken 207 times
    (25 since last reset)
  • The average score is 407 of 482

Answer Stats

Answer% Correct
a
100%
American
100%
Americana
100%
And
100%
and
100%
Heartbreak
100%
heartbreak
100%
I
100%
like
100%
me
100%
Miss
100%
Prince
100%
prince
100%
The
100%
the
100%
in
94%
It's
94%
No
94%
nothing
94%
there
94%
this
94%
who
94%
You
94%
you
94%
be
89%
coming
89%
dice
89%
for
89%
I'm
89%
i'm
89%
is
89%
my
89%
My
89%
Now
89%
now
89%
rolling
89%
stupid
89%
That
89%
that
89%
then
89%
there's
89%
There's
89%
to
89%
To
89%
where
89%
whole
89%
win
89%
world
89%
16
83%
bad
83%
before
83%
but
83%
days
83%
fake
83%
feeling
83%
games
83%
girl
83%
girl"
83%
hallway
83%
lost
83%
play
83%
prizes
83%
school
83%
see
83%
She's
83%
"She's
83%
so
83%
They
83%
was
83%
we
83%
we're
83%
We're
83%
whisper
83%
with
83%
adore
78%
are
78%
at
78%
away
78%
band
78%
been
78%
blue
78%
cameras
78%
catch
78%
counted
78%
crazier
78%
damsels
78%
don't
78%
dress
78%
film
78%
glory
78%
home
78%
know
78%
lights
78%
marching
78%
miles
78%
most
78%
nobody's
78%
Okay!
78%
paint
78%
playing
78%
prom
78%
ripped
78%
run
78%
sad
78%
scene
78%
smile
78%
that's
78%
town
78%
Voted
78%
burning
72%
'Cause
72%
Cause
72%
Darling
72%
depressed
72%
faded
72%
fight
72%
go
72%
gonna
72%
helpless
72%
likely
72%
long
72%
one
72%
pageant
72%
really
72%
scared
72%
should
72%
stories
72%
than
72%
think
72%
up
72%
wanna
72%
between
67%
bruising
67%
care
67%
come
67%
cries
67%
fives
67%
guys
67%
head
67%
high
67%
hopeless
67%
life
67%
losing
67%
men?
67%
only
67%
queens
67%
saw
67%
scoreboard
67%
seems
67%
team
67%
time
67%
want
67%
wise
67%
battered
61%
boys
61%
Boys
61%
hung
61%
Just
61%
just
61%
let
61%
muffled
61%
never
61%
Oh
61%
ran
61%
rose
61%
Running
61%
someday
61%
storm
61%
thought
61%
through
61%
Waving
61%
will
61%
I'll
56%
i'll
56%
Leave
56%
thorns
56%

Score Distribution

Percentile by Number Answered

Percent of People with Each Score

Your Score History

You have not taken this quiz since the last reset